The doll people Quiz Stats

Quiz not verified by Sporcle

Challenge
Share
Tweet
Embed
Score 0/14 Timer 04:00
0 Plays Today
question answer % Correct
who is the minest doll in the world?princess mimi
85.7%
Who returns to the dollhouse in book 1?Auntie Sarah
64.3%
Who is the over sized baby?Baby betsy
64.3%
Who enters the dollhouse in book 3?Tilly May
57.1%
Who's leg gets cracked in book 1?Papa
57.1%
Who's hand gets cracked in book 3?Annabelle
57.1%
Who is Annabelle's owner?Kate
57.1%
question answer % Correct
Who is Tiffany's owner?Nora
57.1%
in book 2, what are the troll names?waterfall and melody
50%
Who moves out of the dollhouse in book 1?Uncle Doll
50%
Who is the baby from the funcraft family?Baby brittney
42.9%
What two games do Nora play with the funcraft family?Miami beach a go go, Rancher family
28.6%
What is the store called when annabelle cracks her hand?McGinties
14.3%
Whose moto is 'Dont worry be happy'Elsipad
14.3%

You're not logged in!

Compare scores with friends on all Sporcle quizzes.
Join for Free
OR
Log In

You Might Also Like...

Show Comments

Extras

Top Quizzes Today


Score Distribution

Your Account Isn't Verified!

In order to create a playlist on Sporcle, you need to verify the email address you used during registration. Go to your Sporcle Settings to finish the process.

Report this User

Report this user for behavior that violates our Community Guidelines.

Details: